Po 6. akademických komorných koncertoch

Bibliographic Details
Main Author: Medňanský, Karol, 1948- (Author)
Format: Article
Language:Slovak
PhysicalDescription:Obr.
ISSN:1337-9208
Subjects:

MARC

LEADER 00000nab a2200000 a 4500
001 vtls010179390
003 SK-MaSNL
005 20260303091808.0
008 101015c201001 xo r p 000 00slo
015 |a SNBRB2010/10SVKPO 
038 |a SVKPOCL 
040 |a SVKPOCL  |b slo  |c AACR2  |e AACR2 
041 |a slo 
044 |a xo  |c SK 
080 |a 78.082.4  |2 2001 
080 |a 782/785.079  |2 2001 
080 |a 378.4.096:78(437.671.117.176)  |2 2001 
100 1 |a Medňanský, Karol,  |d 1948-  |4 aut  |9 103203 
245 1 0 |a Po 6. akademických komorných koncertoch  |c Karol Medňanský 
300 |a Obr. 
610 2 7 |a Prešovská univerzita v Prešove.  |b Fakulta humanitných a prírodných vied.  |b Katedra hudby  |2 svkpocl  |9 53807 
611 2 7 |a Festival akademických komorných orchestrov  |n (6. :  |d 2009 :  |c Prešov, Slovensko)  |2 svkpocl  |9 1100444 
648 7 |a 28.10-16.12.2009  |2 svkpocl  |9 1100445 
650 0 7 |a komorné koncerty  |2 svkpocl  |9 1096575 
651 7 |a Prešov (Slovensko)  |2 svkpocl  |9 17347 
773 0 |t Na PUlze... : časopis Prešovskej univerzity  |g Roč. III, č. 1 (marec 2010), s. 48-49  |x 1337-9208 
852 |a SVKPO  |b KIS3GCP 
958 |a NB 
958 |a SK 
999 |c 1809366  |d 1811296